Loading...
Human gene evolution /
| Main Author: | |
|---|---|
| Language: | English |
| Published: |
.
|
| LEADER | 00389cam a2200145ua 4500 | ||
|---|---|---|---|
| 008 | 090428t||||||||||| 00 ||eng c | ||
| 041 | 0 | |a eng | |
| 100 | 0 | |a Cooper, David N | |
| 245 | 1 | 0 | |a Human gene evolution / |
| 260 | |c . | ||
| 300 | |a . | ||
| 362 | 1 | |a . | |
| 942 | |c Dept. of MB | ||
| 999 | |c 20733 |d 20733 | ||
| 952 | |0 0 |1 0 |4 0 |7 0 |9 21877 |a KUCL |b KUCL |d 2014-05-23 |l 0 |p 20614 |r 2017-02-13 |w 2014-05-23 |y Dept. of |f 00000 | ||